Himalayan mountaineering journal; golden jubilee edition; Vol. XXV-2006 (Record no. 418)

MARC details
000 -LEADER
fixed length control field 00362nam a2200109Ia 4500
008 - FIXED-LENGTH DATA ELEMENTS--GENERAL INFORMATION
fixed length control field 230125s9999 xx 000 0 und d
082 ## - DEWEY DECIMAL CLASSIFICATION NUMBER
Classification number 796
Item number DHIH
100 ## - MAIN ENTRY--PERSONAL NAME
Personal name Dhillon, J. S. ed.
245 #0 - TITLE STATEMENT
Title Himalayan mountaineering journal; golden jubilee edition; Vol. XXV-2006
260 ## - PUBLICATION, DISTRIBUTION, ETC.
Name of publisher, distributor, etc. Darjeeling: Journal of the Himalayan Mountaineering Institute, 2006
Date of publication, distribution, etc. 2006
942 ## - ADDED ENTRY ELEMENTS (KOHA)
Koha item type Book
Holdings
Withdrawn status Lost status Source of classification or shelving scheme Damaged status Not for loan Collection code Home library Current library Shelving location Date acquired Cost, normal purchase price Full call number Barcode Date last seen Price effective from Koha item type
    Dewey Decimal Classification     Non-fiction RIC Library RIC Library General Stacks 01/25/2023 144.00 796 DHIH 000404 01/25/2023 01/25/2023 Book

Venue

Rajasthan International Centre
Sansthan Path,JLN Marg, Jaipur- 302017
Phone: +91-7230904025